Business parks review (Record no. 118906)

MARC details
000 -LEADER
fixed length control field 00833cas a22002295a 4500
001 - CONTROL NUMBER
control field L137648
008 - FIXED-LENGTH DATA ELEMENTS--GENERAL INFORMATION
fixed length control field 110513c2010 xxkfr ws ss 00 a0eng u
035 ## - SYSTEM CONTROL NUMBER
System control number (Sirsi) u137648
041 0# - LANGUAGE CODE
Language code of text/sound track or separate title eng
110 2# - MAIN ENTRY--CORPORATE NAME
Corporate name or jurisdiction name as entry element GVA
9 (RLIN) 5945
245 00 - TITLE STATEMENT
Title Business parks review
Medium [electronic resource]
260 ## - PUBLICATION, DISTRIBUTION, ETC.
Place of publication, distribution, etc. London
Name of publisher, distributor, etc. GVA
Date of publication, distribution, etc. 2011
362 0# - DATES OF PUBLICATION AND/OR SEQUENTIAL DESIGNATION
Dates of publication and/or sequential designation Spring 2011-
490 #0 - SERIES STATEMENT
Series statement Business Parks Review
520 ## - SUMMARY, ETC.
Summary, etc. Discusses the take up, demand, new supply,availability and rents of business park space on a national and regional level including Scotland.
554 ## -
-- Two per year
650 24 - SUBJECT ADDED ENTRY--TOPICAL TERM
Topical term or geographic name entry element GVA GRIMLEY BUSINESS PARKS REVIEW
651 #4 - SUBJECT ADDED ENTRY--GEOGRAPHIC NAME
Geographic name United Kingdom
Chronological subdivision
690 ## - LOCAL SUBJECT ADDED ENTRY--TOPICAL TERM (OCLC, RLIN)
Topical term or geographic name as entry element PROPERTY-COMMERCIAL PROPERTY-COMMERCIAL PROPERTY MARKET
856 40 - ELECTRONIC LOCATION AND ACCESS
Uniform Resource Identifier <a href="https://www.gva.co.uk/research/offices/">https://www.gva.co.uk/research/offices/</a>
Public note View the item free of charge at www.gva.co.uk
942 ## - ADDED ENTRY ELEMENTS (KOHA)
Suppress in OPAC 0
Holdings
Withdrawn status Lost status Source of classification or shelving scheme Damaged status Not for loan Home library Current library Shelving location Date acquired Total Checkouts Full call number Barcode Date last seen Copy number Price effective from Koha item type
    Dewey Decimal Classification     Virtual Virtual Online 23/04/2007   ONLINE PUBLICATION 137648-1001 06/08/2019 1 06/08/2019 Book